000 00352nam a2200133Ia 4500
008 190216s9999||||xx |||||||||||||| ||und||
100 _aEmeleus H J & Sharpe
245 0 _aModern Aspects Of Inorganic Chemistry
250 _a4th Ed.
260 _bUniversal Bookstall Newdelhi
_c1994
300 _a677p
650 _aChemistry-Chemistry
942 _cBK
999 _c2816
_d2816